000 00532ntaaa2200193 4500
003 01
005 20251027202315.0
008 0714s1973 ag 01
020 _a2825409731
040 _aAR-BaBN
_bspa
_cAR-BaBN
_eaacr
_dRIC
082 _a280.1000 E12i
100 _aElderen, Marlin van
_921629
245 _aIntroducing the World Council of Churches
250 _a1 ed.
260 _aGeneva :
_bWorld Council of Churches,
_c1990
300 _a174 p ;
_cilu. : 21 cm
650 _aConcilio mundial de iglesias
_93998
942 _cBK
999 _c17864
_d17864